Представление документа в формате MARC21

Поле Инд. ПП Название Значение
Тип записи a
Библиографический уровень b
001 Контрольный номер RU/IS/BASE/141732561
005 Дата корректировки 20200630193252.3
084 a Индекс другой классификации/Индекс ББК 60.51(4Фра)5
a Индекс другой классификации/Индекс ББК 60.563.05
a Индекс другой классификации/Индекс ББК 86.21
100 1_ a Автор Трофимов С. В.
245 10 a Заглавие Два новых подхода к учению Эмиля Дюркгейма о религии
504 a Библиография Библиогр. ссылки
600 14 a Персоналии Дюркгейм Эмиль
650 04 a Основная рубрика история социологии
a Основная рубрика религиоведение
a Основная рубрика религия
a Основная рубрика социология
a Основная рубрика социология религии
653 0_ a Ключевые слова "Элементарные формы религиозной жизни"
a Ключевые слова XIX век
a Ключевые слова XX век
a Ключевые слова авторитет
a Ключевые слова анализ верований
a Ключевые слова анализ обрядов
a Ключевые слова коллективные представления
a Ключевые слова методология социологии
a Ключевые слова моральные правила
a Ключевые слова моральный авторитет
a Ключевые слова рациональность верующего
a Ключевые слова религиозные представления
a Ключевые слова религиозные феномены
a Ключевые слова религиозный символизм
a Ключевые слова священное
a Ключевые слова символы
a Ключевые слова Франция
773 18 t Заглавие источника Вестник Московского университета. Серия 18, Социология и политология
d Дата издания источника 2002
g Прочая информация № 3. - С. 76 - 86
w Контрольный № источника RU/IS/BASE/148577983
901 t Тип документа b